[Event "World Blitz 2023"]
[Site "Samarkand UZB"]
[Date "2023.12.29"]
[EventDate "2023.12.29"]
[Round "4.6"]
[Result "0-1"]
[White "Ivan Cheparinov"]
[Black "Ramazan Zhalmakhanov"]
[WhiteElo "2613"]
[BlackElo "2427"]
[PlyCount "84"]

1. e4 c5 2. Nf3 g6 3. d4 cxd4 4. Qxd4 Nf6 5. Nc3 Nc6 6. Qa4 d6 7. e5 dxe5
8. Nxe5 Bg7 9. Nxc6 bxc6 10. Qxc6+ Bd7 11. Qa6 O-O 12. Be2 Qc7 13. h3 Bf5
14. O-O Rab8 15. Bd3 Rb6 16. Qa3 Bxd3 17. cxd3 Qb7 18. Rb1 Rd8 19. Na4 Rc6
20. Bd2 Qb5 21. Qxe7 Rd7 22. Qa3 Bf8 23. Qb3 Qxb3 24. axb3 Rxd3 25. Bc3 Ne4
26. Rbd1 Rcd6 27. Rxd3 Rxd3 28. Re1 f5 29. f3 Nxc3 30. bxc3 Kf7 31. Kf2
Rd2+ 32. Re2 Rd1 33. Re5 Be7 34. Ra5 Rd7 35. Ke2 Bg5 36. Nc5 Rd2+ 37. Kf1
Be3 38. Rxa7+ Kf6 39. b4 Rf2+ 40. Ke1 Rxg2 41. Rd7 Rc2 42. Rd3 0-1

[Event "World Blitz 2023"]
[Site "Samarkand UZB"]
[Date "2023.12.29"]
[EventDate "2023.12.29"]
[Round "4.7"]
[Result "1-0"]
[White "Nikita Petrov"]
[Black "Aleksandr Shimanov"]
[WhiteElo "2521"]
[BlackElo "2611"]
[PlyCount "100"]

1. e4 e5 2. Nf3 Qe7 3. Nc3 c6 4. d4 d6 5. Bc4 Bg4 6. Be3 Nf6 7. h3 Bh5 8.
O-O Qc7 9. g4 Bg6 10. a4 Be7 11. Nh4 Nxe4 12. Nxg6 hxg6 13. Nxe4 d5 14.
Bxd5 cxd5 15. Nc3 Rxh3 16. Kg2 Rh4 17. Nxd5 Qd7 18. c4 Rxg4+ 19. Kf3 Nc6
20. Ke2 exd4 21. Bf4 Bd6 22. Bxd6 Qxd6 23. Kd2 Re4 24. Re1 Re6 25. Qb3
O-O-O 26. Qb5 Qh2 27. Rf1 Qh6+ 28. Kc2 Re2+ 29. Kb3 Qd2 30. Rab1 Rxf2 31.
Rxf2 Qxf2 32. a5 a6 33. Qb6 Qg3+ 34. Ka2 d3 35. Rd1 Rd7 36. Rh1 Rd8 37. Rh3
Qd6 38. Rxd3 Kb8 39. c5 Qd7 40. Ka3 Qc8 41. Rd1 g5 42. Rd3 g4 43. Qb3 f5
44. Qc3 Qd7 45. Qd2 Ka7 46. Nb4 Qc7 47. Nxc6+ Qxc6 48. Rxd8 g3 49. Qb4 Qf3+
50. b3 1-0

[Event "World Blitz 2023"]
[Site "Samarkand UZB"]
[Date "2023.12.29"]
[EventDate "2023.12.29"]
[Round "4.8"]
[Result "1/2-1/2"]
[White "Victor Bologan"]
[Black "Javokhir Sindarov"]
[WhiteElo "2489"]
[BlackElo "2607"]
[PlyCount "126"]

1. e4 c5 2. Nf3 g6 3. c4 Nc6 4. d4 cxd4 5. Nxd4 Nf6 6. Nc3 d6 7. Be2 Nxd4
8. Qxd4 Bg7 9. Be3 O-O 10. Qd2 a5 11. O-O a4 12. Rfd1 Qa5 13. Rac1 Be6 14.
f3 Rfc8 15. Nb5 Qxd2 16. Rxd2 Nd7 17. Nd4 Nc5 18. Nxe6 Nxe6 19. Rcc2 Nc5
20. g3 h5 21. Bxc5 Rxc5 22. Rd5 Ra6 23. Rdd2 Rac6 24. Kf2 Rc8 25. b4 axb3
26. axb3 Ra5 27. Ra2 Rca8 28. Rxa5 Rxa5 29. b4 Ra4 30. b5 b6 31. h4 Bc3 32.
Rc2 Bd4+ 33. Kg2 e5 34. Rd2 Ra3 35. Rc2 Kg7 36. f4 exf4 37. gxf4 Be3 38.
Kg3 Bd2+ 39. Bf3 Be1+ 40. Kg2 Bxh4 41. e5 Be7 42. Rd2 dxe5 43. Rd7 Bc5 44.
fxe5 Re3 45. Bd5 Rxe5 46. Rxf7+ Kh6 47. Rf6 Kg5 48. Re6 Rxe6 49. Bxe6 Kf6
50. Bd7 Ke7 51. Bc6 g5 52. Kf3 Kf7 53. Ke4 Kg6 54. Be8+ Kh6 55. Kf5 g4 56.
Bc6 Be3 57. Bd5 Kg7 58. Bc6 Kf7 59. Bd5+ Ke7 60. Kg6 h4 61. Kh5 g3 62. Kxh4
Bf2 63. Kh3 1/2-1/2

[Event "World Blitz 2023"]
[Site "Samarkand UZB"]
[Date "2023.12.29"]
[EventDate "2023.12.29"]
[Round "4.9"]
[Result "1/2-1/2"]
[White "Arseniy Nesterov"]
[Black "Aleksey Dreev"]
[WhiteElo "2488"]
[BlackElo "2599"]
[PlyCount "138"]

1. d4 d5 2. Nf3 Nf6 3. Bf4 c5 4. e3 e6 5. Nbd2 Qb6 6. Rb1 Bd6 7. Bg3 Bxg3
8. hxg3 Nbd7 9. c3 Qc7 10. Bd3 h6 11. O-O O-O 12. c4 cxd4 13. Nxd4 Ne5 14.
Be2 dxc4 15. Rc1 Qb6 16. f4 Nc6 17. Nxc4 Qc7 18. Nxc6 bxc6 19. Qd6 Qxd6 20.
Nxd6 Rb8 21. b3 Rb6 22. Nc4 Ra6 23. a4 c5 24. Bf3 Nd5 25. Rfd1 Nb4 26. Nd6
Ra5 27. Nc4 Ra6 28. Rd2 Nd5 29. Bxd5 exd5 30. Rxd5 Be6 31. Rxc5 Rb8 32. Rb5
Rxb5 33. axb5 Ra2 34. e4 f6 35. f5 Bf7 36. Rd1 Re2 37. Rd8+ Kh7 38. Rf8
Bxc4 39. bxc4 Rxe4 40. c5 Rc4 41. c6 Rc5 42. g4 h5 43. gxh5 Kh6 44. Rh8+
Kg5 45. Ra8 Kxh5 46. Rxa7 Rxb5 47. Rxg7 Rc5 48. g4+ Kh4 49. c7 Kg3 50. Kf1
Kf3 51. Ke1 Ke3 52. Kd1 Kf4 53. Kd2 Ke4 54. Rf7 Kf4 55. Rg7 Ke4 56. Ke2
Rc2+ 57. Kd1 Rc6 58. Kd2 Rc5 59. Rf7 Kf4 60. Rxf6 Kxg4 61. Rf7 Kf4 62. Kd3
Ke5 63. Re7+ Kd6 64. Rh7 Rxc7 65. Rxc7 Kxc7 66. Ke4 Kd6 67. Kf4 Ke7 68. Ke5
Kf7 69. Ke4 1/2-1/2

[Event "World Blitz 2023"]
[Site "Samarkand UZB"]
[Date "2023.12.29"]
[EventDate "2023.12.29"]
[Round "4.10"]
[Result "1-0"]
[White "Chithambaram Vr Aravindh"]
[Black "Zhandos Agmanov"]
[WhiteElo "2584"]
[BlackElo "2407"]
[PlyCount "54"]

1. e4 e6 2. d4 d5 3. Nd2 c5 4. Ngf3 cxd4 5. Nxd4 Nc6 6. Nxc6 bxc6 7. Bd3
Bd6 8. Qe2 Qc7 9. c4 Nf6 10. cxd5 cxd5 11. Bb5+ Kf8 12. exd5 Nxd5 13. Nf3
Nf4 14. Bxf4 Bxf4 15. O-O Bb7 16. Rfd1 Bd5 17. g3 Bd6 18. Rac1 Qb6 19. Bc4
Bxf3 20. Qxf3 Re8 21. Bb3 Be5 22. Rd7 Bf6 23. Rcc7 Be7 24. Rxa7 g6 25. Ba4
Qxb2 26. Kg2 Qb4 27. Rdb7 1-0

[Event "World Blitz 2023"]
[Site "Samarkand UZB"]
[Date "2023.12.29"]
[EventDate "2023.12.29"]
[Round "4.11"]
[Result "0-1"]
[White "Klementy Sychev"]
[Black "Maksim Tsaruk"]
[WhiteElo "2583"]
[BlackElo "2378"]
[PlyCount "68"]

1. e4 e5 2. Nf3 Nc6 3. d4 exd4 4. Nxd4 Qf6 5. Ne2 Bc5 6. Nf4 Nge7 7. Be2 d6
8. O-O Nd4 9. Nc3 Nxe2+ 10. Qxe2 c6 11. Be3 O-O 12. Rad1 Bb4 13. Qd2 Be6
14. Nd3 Bxc3 15. bxc3 Bxa2 16. f4 Qe6 17. f5 Qxe4 18. Rf4 Qd5 19. f6 Ng6
20. Rd4 Qh5 21. Rxd6 Rfe8 22. Rf1 Bd5 23. fxg7 Re4 24. c4 Rxc4 25. Qf2 Re8
26. h3 Rce4 27. Rd7 Rxe3 28. Rxf7 Re2 29. Rf8+ Kxg7 30. Qf6+ Kh6 31. Nf4
Rxg2+ 32. Nxg2 Rxf8 33. Qd4 Rxf1+ 34. Kxf1 Qf3+ 0-1

[Event "World Blitz 2023"]
[Site "Samarkand UZB"]
[Date "2023.12.29"]
[EventDate "2023.12.29"]
[Round "4.12"]
[Result "0-1"]
[White "Yuriy Kuzubov"]
[Black "Vasquez Schroeder, Rodrigo"]
[WhiteElo "2487"]
[BlackElo "2582"]
[PlyCount "98"]

1. d4 Nf6 2. Nf3 e6 3. c4 c5 4. e3 a6 5. Be2 d5 6. cxd5 exd5 7. O-O Nc6 8.
b3 cxd4 9. Nxd4 Bd6 10. Bb2 O-O 11. Nd2 Re8 12. Rc1 Bd7 13. Rc2 Nb4 14. Rc1
Nxa2 15. Ra1 Nb4 16. N2f3 Rc8 17. Rc1 Rxc1 18. Qxc1 Ne4 19. Qa1 Qe7 20. Rd1
h6 21. Qc1 Rc8 22. Qb1 b5 23. Bd3 Nc3 24. Bxc3 Rxc3 25. Bh7+ Kh8 26. Bf5
Rc8 27. h3 g6 28. Bxd7 Qxd7 29. h4 h5 30. Ng5 Be5 31. Ndf3 Bf6 32. e4 Bxg5
33. hxg5 Qe6 34. exd5 Nxd5 35. Qa1+ Kg8 36. Qd4 Nc3 37. Rd2 Ne2+ 38. Rxe2
Qxe2 39. Ne5 Qe1+ 40. Kh2 Qc3 41. Qd5 Qc7 42. g3 Rd8 43. Qe4 Qe7 44. Qf4
Rd5 45. Nf3 Rf5 46. Qb8+ Kg7 47. Qa8 Qe6 48. Nd4 Rxf2+ 49. Kg1 Qe1# 0-1

[Event "World Blitz 2023"]
[Site "Samarkand UZB"]
[Date "2023.12.29"]
[EventDate "2023.12.29"]
[Round "4.13"]
[Result "1-0"]
[White "M Pranesh"]
[Black "Levan Pantsulaia"]
[WhiteElo "2481"]
[BlackElo "2579"]
[PlyCount "98"]

1. e4 c6 2. d4 d5 3. e5 Bf5 4. Nf3 e6 5. Be2 Nd7 6. O-O Ne7 7. c3 Ng6 8. a4
f6 9. exf6 Nxf6 10. Ne5 Nxe5 11. dxe5 Nd7 12. Bg4 Qh4 13. Bxf5 exf5 14. Nd2
O-O-O 15. Nf3 Qh5 16. Be3 Bc5 17. e6 Bxe3 18. exd7+ Rxd7 19. fxe3 Re8 20.
Nd4 Qg5 21. Nxf5 g6 22. Nd4 Qxe3+ 23. Kh1 Rde7 24. h3 Kb8 25. a5 a6 26. Qf3
Qd2 27. Qf4+ Qxf4 28. Rxf4 c5 29. Nb3 Re2 30. Nxc5 Rxb2 31. Nd7+ Kc7 32.
Nb6 Kc6 33. Rd1 Re5 34. Rf6+ Kb5 35. Nd7 Ree2 36. Rb6+ Kxa5 37. Rxd5+ Ka4
38. Nc5+ Ka3 39. Rxb2 Rxb2 40. Rd7 Rb5 41. Nxb7 a5 42. c4 Rb1+ 43. Kh2 a4
44. c5 Rc1 45. Rd4 Kb3 46. Na5+ Ka3 47. c6 Rc5 48. Rc4 Rxa5 49. c7 1-0

[Event "World Blitz 2023"]
[Site "Samarkand UZB"]
[Date "2023.12.29"]
[EventDate "2023.12.29"]
[Round "4.14"]
[Result "1-0"]
[White "Renato Terry"]
[Black "Bobir Sattarov"]
[WhiteElo "2578"]
[BlackElo "2351"]
[PlyCount "104"]

1. d4 Nf6 2. Bg5 c5 3. dxc5 Ne4 4. Be3 Na6 5. Nd2 Nexc5 6. c4 d5 7. Ngf3
dxc4 8. Nxc4 Be6 9. Ncd2 Qa5 10. Nd4 Bd7 11. a3 Na4 12. b4 Qd5 13. Qb3 Qxb3
14. N4xb3 e5 15. Rc1 Be7 16. g3 Bc6 17. f3 Bd5 18. Bf2 O-O 19. e4 Be6 20.
Bc4 Nb2 21. Bb5 Rfd8 22. Ke2 Bg5 23. Rc2 Rac8 24. Rxb2 Nc7 25. Bd3 a6 26.
Nc5 b5 27. Ndb3 Rxd3 28. Nxd3 Bc4 29. Na5 Ne6 30. Nxc4 bxc4 31. Nxe5 f6 32.
Ng4 h5 33. h4 hxg4 34. hxg5 gxf3+ 35. Kxf3 Nxg5+ 36. Kg2 Nxe4 37. Rc2 c3
38. Rd1 Kh7 39. Rd4 f5 40. Be1 g5 41. Rxe4 fxe4 42. Rxc3 Rd8 43. Re3 Kg6
44. Rxe4 Rd3 45. Re6+ Kh5 46. Rxa6 Kg4 47. Ra4 Rd4 48. Bf2 Rc4 49. Ra5 Re4
50. Rd5 Re2 51. Rd4+ Kf5 52. g4+ 1-0

[Event "World Blitz 2023"]
[Site "Samarkand UZB"]
[Date "2023.12.29"]
[EventDate "2023.12.29"]
[Round "4.15"]
[Result "1-0"]
[White "Andrew Hong"]
[Black "Aryan Tari"]
[WhiteElo "2460"]
[BlackElo "2577"]
[PlyCount "80"]

1. e4 e5 2. Nf3 Nc6 3. Bb5 Nge7 4. Nc3 Ng6 5. h4 Nd4 6. h5 Nf4 7. g3 Nxf3+
8. Qxf3 Ne6 9. Bc4 h6 10. d3 c6 11. Be3 b5 12. Bb3 a5 13. a3 a4 14. Ba2 b4
15. axb4 Bxb4 16. O-O O-O 17. Qg4 Kh8 18. Bxe6 dxe6 19. Rxa4 Rxa4 20. Nxa4
Qa5 21. b3 f5 22. Qg6 Bd7 23. Bxh6 gxh6 24. Qxh6+ Kg8 25. Qg6+ Kh8 26. h6
Rg8 27. Qf6+ Kh7 28. Qf7+ Kh8 29. Qxd7 Bc5 30. Qxe6 Bxf2+ 31. Rxf2 f4 32.
g4 Qe1+ 33. Kg2 f3+ 34. Rxf3 Qe2+ 35. Kg3 Qe1+ 36. Kg2 Qe2+ 37. Rf2 Rxg4+
38. Kh3 Rh4+ 39. Kxh4 Qxf2+ 40. Kg5 Qf4+ 1-0

[Event "World Blitz 2023"]
[Site "Samarkand UZB"]
[Date "2023.12.29"]
[EventDate "2023.12.29"]
[Round "4.16"]
[Result "1/2-1/2"]
[White "B Adhiban"]
[Black "Almas Rakhmatullaev"]
[WhiteElo "2576"]
[BlackElo "2218"]
[PlyCount "102"]

1. c4 Nf6 2. g3 g6 3. Bg2 Bg7 4. Nc3 d6 5. d4 O-O 6. Nf3 Bf5 7. Qb3 Qc8 8.
Nh4 Nc6 9. Nxf5 gxf5 10. e3 e5 11. O-O exd4 12. exd4 Nxd4 13. Qd1 Ne6 14.
Bh3 Ng4 15. Nd5 Qd8 16. Re1 c6 17. Ne3 Nxe3 18. Bxe3 f4 19. gxf4 Qh4 20.
Qf3 Nd4 21. Bxd4 Bxd4 22. Rad1 c5 23. Qg3+ Qxg3+ 24. hxg3 Rfe8 25. Kg2 Bxb2
26. Rxe8+ Rxe8 27. Rxd6 Re2 28. Bg4 Rc2 29. Rd7 Bd4 30. Bh5 Bxf2 31. Bxf7+
Kf8 32. Kf3 Be1 33. g4 Rf2+ 34. Ke3 Rxa2 35. Rxb7 a5 36. Bd5 a4 37. Rxh7 a3
38. g5 Bc3 39. Ra7 Ra1 40. Ke4 Bb2 41. g6 Rf1 42. f5 Re1+ 43. Kf4 Ra1 44.
Kg4 a2 45. Bg2 Bd4 46. Kg3 Be5+ 47. Kg4 Bb2 48. Kg3 Be5+ 49. Kg4 Bb2 50.
Kg3 Be5+ 51. Kg4 Bb2 1/2-1/2

[Event "World Blitz 2023"]
[Site "Samarkand UZB"]
[Date "2023.12.29"]
[EventDate "2023.12.29"]
[Round "4.17"]
[Result "0-1"]
[White "Gabriel Gaehwiler"]
[Black "Pouya Idani"]
[WhiteElo "2448"]
[BlackElo "2574"]
[PlyCount "136"]

1. d4 Nf6 2. Nf3 d5 3. c4 e6 4. g3 Be7 5. Bg2 O-O 6. Nc3 c6 7. O-O a5 8.
Qd3 b6 9. e4 Ba6 10. b3 b5 11. Ne5 bxc4 12. bxc4 Nfd7 13. Rd1 Nxe5 14. dxe5
Bxc4 15. Qc2 Nd7 16. Bf4 Rb8 17. h4 Qb6 18. Rab1 Qa7 19. exd5 cxd5 20. Ne4
Rxb1 21. Rxb1 Rb8 22. Rd1 Ba3 23. Be3 Qc7 24. Nd6 Nxe5 25. Nxc4 Qxc4 26.
Qd2 Bb4 27. Qb2 Bd6 28. Qd2 Qb4 29. Qc2 Nc4 30. Bd4 Bf8 31. h5 a4 32. h6 g6
33. Qe2 Bxh6 34. Qf3 Bg7 35. Bxg7 Kxg7 36. Qf4 Qc3 37. Qxb8 a3 38. Qb3 Qf6
39. Qc2 h5 40. Bf1 Ne5 41. Qe2 h4 42. Bg2 hxg3 43. fxg3 Qg5 44. Qf2 Ng4 45.
Qf4 Qh5 46. Re1 e5 47. Qd2 Qh2+ 48. Kf1 Qxg3 49. Bxd5 f5 50. Ke2 e4 51.
Qd4+ Kh6 52. Kd2 Qf4+ 53. Kc2 Qc7+ 54. Kb1 Kg5 55. Qd2+ e3 56. Qd3 Qb6+ 57.
Bb3 Qf6 58. Re2 Qe5 59. Kc1 Qa1+ 60. Qb1 Qc3+ 61. Qc2 Qd4 62. Kb1 f4 63.
Re1 f3 64. Rd1 Qf4 65. Rd5+ Kh4 66. Qd1 f2 67. Qh1+ Kg3 68. Bd1 f1=Q 0-1

[Event "World Blitz 2023"]
[Site "Samarkand UZB"]
[Date "2023.12.29"]
[EventDate "2023.12.29"]
[Round "4.18"]
[Result "1/2-1/2"]
[White "Vadim Zvjaginsev"]
[Black "Lev Zverev"]
[WhiteElo "2570"]
[BlackElo "2299"]
[PlyCount "72"]

1. d4 Nf6 2. Nf3 d5 3. c4 e6 4. Nc3 Bb4 5. e3 O-O 6. Bd2 c5 7. a3 Bxc3 8.
Bxc3 Ne4 9. Rc1 Nxc3 10. Rxc3 cxd4 11. exd4 b6 12. cxd5 exd5 13. Be2 Bb7
14. Ne5 Nd7 15. Nxd7 Qxd7 16. O-O Rac8 17. Rg3 Qc6 18. Bd3 g6 19. h4 Qf6
20. h5 Kh8 21. Qg4 Rce8 22. Rf3 Qg7 23. Qf4 h6 24. Qc7 Bc8 25. hxg6 fxg6
26. Qxg7+ Kxg7 27. Rxf8 Rxf8 28. Rc1 Bf5 29. Ba6 Rf7 30. f3 g5 31. g4 Bg6
32. Kg2 Rf4 33. Rc7+ Kf6 34. Rc6+ Kg7 35. Rc7+ Kf6 36. Rc6+ Kg7 1/2-1/2

[Event "World Blitz 2023"]
[Site "Samarkand UZB"]
[Date "2023.12.29"]
[EventDate "2023.12.29"]
[Round "4.19"]
[Result "1/2-1/2"]
[White "Ortik Nigmatov"]
[Black "Timur Gareyev"]
[WhiteElo "2382"]
[BlackElo "2569"]
[PlyCount "66"]

1. e4 c6 2. d4 d5 3. e5 Bf5 4. Nf3 e6 5. Be2 Ne7 6. O-O Bg6 7. a4 a5 8. Na3
Nf5 9. b3 Na6 10. c3 Be7 11. Re1 O-O 12. Bd3 Nc7 13. Nc2 c5 14. dxc5 Bxc5
15. Bf4 Na6 16. Qd2 Qb6 17. Rab1 Rfc8 18. Bb5 Be7 19. Rbc1 Nc5 20. Ncd4 Ne4
21. Qb2 Nxd4 22. cxd4 Bh5 23. Rxc8+ Rxc8 24. Rc1 Rc7 25. h3 Bb4 26. g4 Bg6
27. Be3 h6 28. Bd3 Bc3 29. Qc2 Rc6 30. Bb5 Bd2 31. Bxc6 Bxc1 32. Qxc1 bxc6
33. Qa3 1/2-1/2

[Event "World Blitz 2023"]
[Site "Samarkand UZB"]
[Date "2023.12.29"]
[EventDate "2023.12.29"]
[Round "4.21"]
[Result "1-0"]
[White "Alexander Grischuk"]
[Black "Pavel Ponkratov"]
[WhiteElo "2699"]
[BlackElo "2547"]
[PlyCount "76"]

1. d4 Nf6 2. Bf4 c5 3. e3 e6 4. Nf3 Nc6 5. Nbd2 h6 6. c3 Nh5 7. dxc5 Nxf4
8. exf4 Bxc5 9. Ne4 Qb6 10. Nxc5 Qxc5 11. Bd3 b6 12. Qe2 Bb7 13. O-O g5 14.
f5 g4 15. Nd2 O-O-O 16. fxe6 dxe6 17. Ba6 Qe5 18. Qc4 Kb8 19. Bxb7 Kxb7 20.
Nb3 h5 21. Rfe1 Qd5 22. Qf4 Rd7 23. Re2 Qd6 24. Qe4 Qd3 25. Qxd3 Rxd3 26.
Kf1 Rhd8 27. Ke1 e5 28. Rd2 Rxd2 29. Nxd2 f5 30. a4 a6 31. g3 b5 32. axb5
axb5 33. Ke2 Kb6 34. b4 h4 35. Nb3 Ne7 36. Nc5 Rc8 37. Ra6+ Kc7 38. Ra7+
1-0

[Event "World Blitz 2023"]
[Site "Samarkand UZB"]
[Date "2023.12.29"]
[EventDate "2023.12.29"]
[Round "4.22"]
[Result "1-0"]
[White "Sarin Nihal"]
[Black "Guha Mitrabha"]
[WhiteElo "2689"]
[BlackElo "2512"]
[PlyCount "112"]

1. c4 Nf6 2. Nc3 c5 3. g3 g6 4. Bg2 Bg7 5. Nf3 O-O 6. d4 d6 7. O-O Nc6 8.
h3 Rb8 9. dxc5 dxc5 10. Bf4 Ra8 11. Ne5 Nd4 12. Nd3 Nd7 13. e3 Ne6 14. h4
Nxf4 15. Nxf4 Ne5 16. Qb3 e6 17. Rfd1 Qb6 18. Ne4 Bd7 19. Nd6 Bc6 20. Bxc6
Qxc6 21. Qxb7 Qxb7 22. Nxb7 Nxc4 23. Nxc5 Rfc8 24. Ne4 Nxb2 25. Rd7 Rd8 26.
Rb7 Rdb8 27. Rxb8+ Rxb8 28. Rc1 Be5 29. Kg2 h6 30. Rc5 Bg7 31. Rc7 a5 32.
g4 Be5 33. Ra7 Nc4 34. Nd3 Bg7 35. g5 hxg5 36. hxg5 Rd8 37. Ndc5 Be5 38.
Nd7 Bg7 39. Kf1 Rc8 40. Ke2 Bh8 41. a4 Bg7 42. f4 Bh8 43. Nf2 Bg7 44. Ng4
Rd8 45. Ndf6+ Bxf6 46. gxf6 Nd6 47. Nh6+ Kf8 48. Kf3 Rb8 49. e4 Ke8 50.
Re7+ Kf8 51. e5 Rb3+ 52. Ke2 Nf5 53. Rxf7+ Ke8 54. Rh7 Rh3 55. f7+ Ke7 56.
Ng8+ 1-0

[Event "World Blitz 2023"]
[Site "Samarkand UZB"]
[Date "2023.12.29"]
[EventDate "2023.12.29"]
[Round "4.23"]
[Result "0-1"]
[White "Savva Vetokhin"]
[Black "Peter Svidler"]
[WhiteElo "2483"]
[BlackElo "2689"]
[PlyCount "72"]

1. d4 Nf6 2. c4 d6 3. Nf3 g6 4. g3 Bg7 5. Bg2 O-O 6. O-O Nc6 7. Nc3 a6 8.
Bg5 h6 9. Bd2 Rb8 10. d5 Na5 11. b3 c5 12. dxc6 Nxc6 13. Rc1 Bf5 14. Ne1
Qd7 15. e4 Bh3 16. a4 Rbc8 17. Nf3 Bg4 18. Be3 Qe6 19. Re1 Nd7 20. Qd5 Nc5
21. Bxc5 dxc5 22. Qxe6 fxe6 23. Nd2 Nb4 24. Bf1 Bd4 25. Nd1 Bxd1 26. Rexd1
Rxf2 27. Kh1 Be3 28. Bh3 Kg7 29. Bxe6 Rcf8 30. Rf1 Bxd2 31. Rxf2 Rxf2 32.
Rd1 Nc2 33. Bd5 e5 34. Bxb7 Nd4 35. Kg1 Be3 36. Rd3 Nf3+ 0-1

[Event "World Blitz 2023"]
[Site "Samarkand UZB"]
[Date "2023.12.29"]
[EventDate "2023.12.29"]
[Round "4.24"]
[Result "0-1"]
[White "Benjamin Haldorsen"]
[Black "AR Saleh Salem"]
[WhiteElo "2405"]
[BlackElo "2668"]
[PlyCount "108"]

1. e4 c5 2. Nc3 Nc6 3. Bb5 Nd4 4. Nf3 a6 5. Bd3 Nc6 6. O-O e6 7. b3 d6 8.
Bb2 Nf6 9. Re1 Be7 10. e5 dxe5 11. Nxe5 Nxe5 12. Rxe5 Qc7 13. Re1 b6 14.
Ne4 Bb7 15. Nxf6+ Bxf6 16. Bxf6 gxf6 17. Be4 O-O-O 18. d3 f5 19. Bxb7+ Qxb7
20. Re3 h5 21. a4 h4 22. Qf3 Rhg8 23. Qxb7+ Kxb7 24. g3 h3 25. Re5 Kc6 26.
Kf1 Rg4 27. Ke2 Kd6 28. Re3 Rc8 29. f4 Rgg8 30. Kd2 Ra8 31. Kc3 b5 32. axb5
axb5 33. Ree1 Rgc8 34. Rxa8 Rxa8 35. Kb2 b4 36. Rg1 Kd5 37. g4 Rg8 38. g5
Rh8 39. g6 fxg6 40. Rxg6 Rh4 41. Rg3 Rxf4 42. Rxh3 Rf2 43. Rh4 f4 44. Kc1
Kd4 45. Kb2 e5 46. Rh8 f3 47. h4 Rh2 48. Rf8 Ke3 49. Rf5 f2 50. Rxe5+ Kf4
51. Re8 Rxh4 52. Rf8+ Kg3 53. c3 Rf4 54. Rg8+ Kf3 0-1

[Event "World Blitz 2023"]
[Site "Samarkand UZB"]
[Date "2023.12.29"]
[EventDate "2023.12.29"]
[Round "4.25"]
[Result "0-1"]
[White "Alisher Suleymenov"]
[Black "Evgeny Tomashevsky"]
[WhiteElo "2326"]
[BlackElo "2663"]
[PlyCount "34"]

1. d4 Nf6 2. c4 e6 3. Nf3 d5 4. Nc3 Bb4 5. Bg5 h6 6. Bxf6 Qxf6 7. Qa4+ Nc6
8. e3 O-O 9. Be2 dxc4 10. O-O Bd7 11. Bxc4 Bxc3 12. bxc3 Qe7 13. Be2 b6 14.
Qc2 Rfd8 15. c4 e5 16. d5 Na5 17. c5 Bg4 0-1

[Event "World Blitz 2023"]
[Site "Samarkand UZB"]
[Date "2023.12.29"]
[EventDate "2023.12.29"]
[Round "4.26"]
[Result "1/2-1/2"]
[White "Anton Korobov"]
[Black "Stepan Zilka"]
[WhiteElo "2649"]
[BlackElo "2494"]
[PlyCount "110"]

1. c4 e6 2. Nf3 d5 3. g3 Nf6 4. Bg2 Be7 5. O-O O-O 6. d4 dxc4 7. Qc2 a6 8.
Qxc4 b5 9. Qc2 Bb7 10. Bd2 Be4 11. Qc1 Bb7 12. a3 Qc8 13. b4 Ne4 14. Bf4
Bd6 15. Nc3 Bxf4 16. gxf4 Nd7 17. Nxe4 Bxe4 18. Qe3 Qb7 19. Rfc1 a5 20. Ne5
Bxg2 21. Nxd7 Rfd8 22. Nc5 Qd5 23. h3 axb4 24. axb4 Rxa1 25. Rxa1 Ra8 26.
Rc1 f5 27. Nxe6 Bxh3 28. f3 Re8 29. Nxc7 Rxe3 30. Nxd5 Rxe2 31. Rc7 h5 32.
Ne7+ Kh7 33. d5 Rg2+ 34. Kh1 Rd2 35. d6 Bg2+ 36. Kg1 Bxf3 37. Nxf5 Kg6 38.
Nxg7 Rxd6 39. Kf2 Bg4 40. Kg3 Rd3+ 41. Kg2 h4 42. f5+ Kf6 43. Ne8+ Kxf5 44.
Rf7+ Ke6 45. Rh7 h3+ 46. Kh2 Rd2+ 47. Kg3 Rg2+ 48. Kf4 h2 49. Nc7+ Kd6 50.
Nxb5+ Kc6 51. Nd4+ Kb6 52. Rh6+ Kb7 53. Nf3 Bxf3 54. Kxf3 Rb2 55. Kg3 Rxb4
1/2-1/2

[Event "World Blitz 2023"]
[Site "Samarkand UZB"]
[Date "2023.12.29"]
[EventDate "2023.12.29"]
[Round "4.28"]
[Result "1-0"]
[White "Tigran L Petrosian"]
[Black "Elham Amar"]
[WhiteElo "2610"]
[BlackElo "2470"]
[PlyCount "116"]

1. Nf3 d5 2. g3 g6 3. c4 dxc4 4. Na3 Bg7 5. Nxc4 Nc6 6. d3 e5 7. Bd2 Nge7
8. Bg2 O-O 9. O-O a5 10. Rc1 h6 11. Bc3 f6 12. b3 Be6 13. Bb2 Qd7 14. Re1
Rad8 15. Qc2 Nd5 16. a3 Bh3 17. Bh1 Rfe8 18. Red1 Kh7 19. e4 Nf4 20. d4
exd4 21. Nxd4 Nxd4 22. Rxd4 Qe6 23. Qd2 Rxd4 24. Bxd4 Rd8 25. Qxf4 Rxd4 26.
Qxc7 Rxe4 27. Bxe4 Qxe4 28. Ne3 h5 29. Qc4 Qe5 30. Qc3 Qb5 31. a4 Qb6 32.
Nd5 Qd6 33. Qd4 Qa3 34. Rc7 Qxb3 35. Nxf6+ Kh6 36. Ng4+ Bxg4 37. Qxg7+ Kg5
38. h4+ Kf5 39. Qf7+ Qxf7 40. Rxf7+ Ke6 41. Rxb7 Bd1 42. Rb6+ Kf7 43. Ra6
Bxa4 44. Rxa5 Bc2 45. f3 Kf6 46. Kf2 Bd3 47. Ke3 Bc2 48. Kf4 Bd3 49. Rd5
Bc2 50. Rd6+ Ke7 51. Rc6 Bb1 52. Kg5 Kf7 53. Rf6+ Kg7 54. Rb6 Bf5 55. Rb7+
Kf8 56. Kf6 Kg8 57. Rg7+ Kh8 58. Rxg6 1-0

[Event "World Blitz 2023"]
[Site "Samarkand UZB"]
[Date "2023.12.29"]
[EventDate "2023.12.29"]
[Round "4.29"]
[Result "0-1"]
[White "Baadur Jobava"]
[Black "Subramaniyam H Bharath"]
[WhiteElo "2599"]
[BlackElo "2435"]
[PlyCount "150"]

1. b3 e5 2. Bb2 Nc6 3. e3 Nf6 4. h3 d5 5. Bb5 Bd6 6. Nf3 Qe7 7. d4 e4 8.
Ne5 O-O 9. Nxc6 bxc6 10. Bxc6 Rb8 11. Nc3 Be6 12. Bb5 c6 13. Be2 Nd7 14.
Qd2 a5 15. Na4 f5 16. g3 Nb6 17. Nc5 a4 18. Bc3 Ra8 19. h4 axb3 20. cxb3
Bf7 21. Rc1 Nd7 22. Bb4 Rfb8 23. O-O Nf6 24. a3 Bh5 25. Kg2 Bf3+ 26. Bxf3
exf3+ 27. Kxf3 Bxc5 28. dxc5 Qe4+ 29. Ke2 Qg4+ 30. Ke1 Ne4 31. Qe2 Qg6 32.
Qd3 Re8 33. Kd1 Qh5+ 34. Qe2 Qf7 35. Kc2 d4 36. Qc4 Qxc4+ 37. bxc4 dxe3 38.
fxe3 Nxg3 39. Rf3 Ne4 40. Rxf5 Nf6 41. Re1 Re4 42. Rf4 Re6 43. Kb3 Nd7 44.
Rd4 Ne5 45. Red1 Nf7 46. R1d3 h6 47. a4 g5 48. a5 Kg7 49. h5 Ne5 50. Rd1 g4
51. Bc3 Kf7 52. Rf4+ Ke7 53. Rd6 Rxd6 54. cxd6+ Kxd6 55. Rf6+ Ke7 56. Bxe5
Rxa5 57. Bc3 Rxh5 58. Rg6 Rh4 59. Bf6+ Kf7 60. Bxh4 Kxg6 61. e4 Kh5 62. Bg3
Kg5 63. e5 h5 64. Be1 Kf5 65. Bg3 Kg5 66. e6 Kf6 67. Kb4 Kxe6 68. Kc5 Kf5
69. Kxc6 Kg5 70. Kd5 h4 71. Bd6 g3 72. Ke4 Kg4 73. c5 h3 74. c6 h2 75. c7
h1=Q+ 0-1

[Event "World Blitz 2023"]
[Site "Samarkand UZB"]
[Date "2023.12.29"]
[EventDate "2023.12.29"]
[Round "4.30"]
[Result "1/2-1/2"]
[White "Alan Pichot"]
[Black "Abdimalik Abdisalimov"]
[WhiteElo "2592"]
[BlackElo "2417"]
[PlyCount "74"]

1. e4 c5 2. Nf3 d6 3. d4 cxd4 4. Nxd4 Nf6 5. Nc3 a6 6. Bd3 e5 7. Nde2 Be6
8. O-O Be7 9. f4 O-O 10. f5 Bd7 11. Ng3 Bc6 12. a4 Nbd7 13. Be3 Rc8 14. a5
d5 15. exd5 Bxd5 16. Nge4 Bxe4 17. Nxe4 Nxe4 18. Bxe4 Bc5 19. Bxc5 Nxc5 20.
Bd5 Qg5 21. b4 Ne4 22. Qd3 Nf6 23. Bxb7 Rfd8 24. Qg3 Qxg3 25. hxg3 Rxc2 26.
b5 Rdd2 27. bxa6 e4 28. Rfd1 Rxg2+ 29. Kh1 Rh2+ 30. Kg1 Rcg2+ 31. Kf1 Rf2+
32. Ke1 h5 33. a7 Re2+ 34. Kf1 Ref2+ 35. Ke1 Re2+ 36. Kf1 Ref2+ 37. Ke1
1/2-1/2

[Event "World Blitz 2023"]
[Site "Samarkand UZB"]
[Date "2023.12.29"]
[EventDate "2023.12.29"]
[Round "4.31"]
[Result "1-0"]
[White "Nodirbek Yakubboev"]
[Black "Aldiyar Ansat"]
[WhiteElo "2582"]
[BlackElo "2404"]
[PlyCount "82"]

1. d4 Nf6 2. Bg5 Ne4 3. Bf4 d5 4. e3 c5 5. Bd3 g6 6. c3 Bg7 7. Nd2 Nxd2 8.
Qxd2 Qb6 9. Nf3 Nc6 10. h3 O-O 11. O-O Re8 12. Ne5 Be6 13. Nxc6 Qxc6 14. b4
c4 15. Bc2 a5 16. Rfb1 axb4 17. Rxb4 Ra3 18. Qc1 Rea8 19. Qb2 Bc8 20. Rb6
Qe8 21. e4 e5 22. Bxe5 Bxe5 23. dxe5 dxe4 24. Rb5 Bf5 25. Rc5 Qe7 26. Rxc4
Qxe5 27. Bb3 e3 28. Re1 exf2+ 29. Qxf2 Qd6 30. Rd4 Qf8 31. Rf4 Qg7 32. Re7
Rf8 33. g4 Qf6 34. Re3 Qg5 35. h4 Qd8 36. gxf5 Kg7 37. fxg6 hxg6 38. Rxf7+
Rxf7 39. Qxf7+ Kh6 40. Qf4+ Kg7 41. Qd4+ 1-0